000
00274nam a2200109 a 4500
005
20140414132059.0
008
110805s19uu xx 00 eng d
050
_a
ER
_b
M155 2004
245
_a
The magic journey.
260
_a
USA :
_b
Houghton Mifflin,
_c
2004.
999
_c
114398
_d
114398